Satellite Remote Sensing and GIS Applications in Agricultural Meteorology | M.V.K. Sivakumar et al. (Record no. 32593)

000 -Cabeçalho
Cabeçalho 00407nam 22001453 4500
001 - Identificador do registo
Identificador do registo 32593
090 ## - Número de controle KOHA
Número biblioitem KOHA 32593
100 ## - Dados gerais de processamento
Dados gerais de processamento 20260317d u||y0pory50 ba
101 ## - Língua da publicação
Língua do texto, banda sonora, etc. Inglês
200 ## - Título e menção de responsabilidade
Título próprio Satellite Remote Sensing and GIS Applications in Agricultural Meteorology
Informação de outro título M.V.K. Sivakumar et al.
210 ## - Publicação, distribuição, etc.
Lugar da edição, distribuição, etc. Geneve
Nome do editor, distribuidor, etc. World Metereological Organization
Data da publicação, distribuição, etc. 2004
215 ## - Descrição física
Tipo do material e extensão do item 427 p.
Dimensões 23 cm.
317 ## - Nota de proveniência
Instituição e exemplar a que o campo se aplica IM
801 ## - Fonte de origem
Regras de catalogação ISBD
942 ## - Informação adicional KOHA
Inibição de acesso no OPAC Não
Holdings
Situação do extravio Classificação interna Koha para ordenação Data de aquisição Número de registo Número interno Koha (auto-gerado) Biblioteca de aquisição Biblioteca de empréstimo Cota Fim da data de empréstimo Permissão de empréstimo Tipo de documento
  ESTANTE_3_PRAT_3_000000000000000 2026-03-17 11314 32590 Biblioteca da Sede Biblioteca da Sede Estante 3, Prat 3 2026-03-17   Monografias

Powered by Koha